[Event "Titled Tuesday intern op 7th April"]
[Site "Chess.com INT"]
[Date "2020.04.07"]
[Round "4"]
[White "Cates, James Stephen"]
[Black "Perera Alfonso, Rene Humberto"]
[Result "0-1"]
[WhiteElo "2117"]
[BlackElo "2354"]
[PlyCount "70"]
[EventDate "2020.04.07"]
[EventType "swiss (blitz)"]
[EventRounds "10"]
[EventCountry "USA"]
[SourceTitle "EXT 2021"]
[Source "ChessBase"]
[SourceDate "2020.10.23"]
[SourceVersion "1"]
[SourceVersionDate "2020.10.23"]
[SourceQuality "1"]

1. e4 c5 2. Nf3 d6 3. d4 cxd4 4. Nxd4 Nf6 5. Nc3 a6 6. Rg1 e5 7. Nb3 Be6 8. h3 Be7 9. Be3 Qc7 10. g4 0-0 11. g5 Nfd7 12. Qd2 b5 13. 0-0-0 Rc8 14. Kb1 b4 15. Nd5 Bxd5 16. exd5 a5 17. Bd3 Na6 18. h4 a4 19. Nc1 Ndc5 20. h5 b3 21. g6 e4 22. gxh7+ Kh8 23. Bd4 Bf8 24. h6 f6 25. hxg7+ Bxg7 26. Bxa6 bxc2+ 27. Qxc2 Rxa6 28. Bxc5 Qxc5 29. Qxe4 Ra7 30. Rde1 Rac7 31. a3 f5 32. Qxf5 Rb8 33. Nd3 Qc2+ 34. Ka1 Bxb2+ 35. Ka2 Bg7+ 0-1

[Event "World op 30th"]
[Site "Philadelphia"]
[Date "2002.07.01"]
[Round "3"]
[White "Cates, James Stephen"]
[Black "Chernin, Oliver"]
[Result "0-1"]
[WhiteElo "2133"]
[BlackElo "2221"]
[PlyCount "56"]
[EventDate "2002.06.29"]
[EventType "swiss"]
[EventRounds "9"]
[EventCountry "USA"]
[SourceTitle "CBM 089 Extra"]
[Source "ChessBase"]
[SourceDate "2002.09.10"]
[SourceVersion "2"]
[SourceVersionDate "2002.09.10"]
[SourceQuality "1"]

1. e4 Nf6 2. Nc3 d5 3. exd5 Nxd5 4. d4 g6 5. Nxd5 Qxd5 6. Be2 Bg7 7. Be3 0-0 8. Bf3 Qb5 9. Qc1 c5 10. Ne2 Nc6 11. a4 Qa5+ 12. Bd2 Qb6 13. a5 Qc7 14. dxc5 Ne5 15. Be3 Nxf3+ 16. gxf3 Qc6 17. c3 Qxf3 18. Ng3 f5 19. Qd1 Qxd1+ 20. Rxd1 f4 21. Bxf4 Rxf4 22. Rd8+ Rf8 23. Rxf8+ Kxf8 24. Ke2 Bd7 25. Rd1 Bc6 26. Rc1 Rd8 27. b4 h6 28. Rc2 Ba4 0-1